Countries by Religion in 60 Seconds - Statistics

General Stats
  • This quiz has been taken 613 times
    562 since last reset
  • The average score is 156 of 193
Answers on the Map
Answers color-coded by a green-red scale on the quiz's map according to % correct below.
 
Answer Stats
Country Religion % Correct
Benin Catholicism/Sunnism
94%
Germany | Suriname Protestantism/Catholicism
92%
Andorra | Angola | Argentina | +59 others Catholicism
90%
Bhutan | Cambodia | Laos | +6 others Buddhism
81%
India | Mauritius | Nepal Hinduism
81%
Antigua and Barbuda | Australia | Bahamas | +39 others Protestantism
81%
Armenia | Belarus | Bulgaria | +12 others Orthodox Christianity
77%
Afghanistan | Albania | Algeria | +41 others Sunnism
76%
Azerbaijan | Bahrain | Iran | +3 others Shi'ism
71%
Japan Shintoism
56%
China | Czech Republic | Netherlands | +3 others Atheism
53%
Israel Judaism
49%
Oman Ibadism
17%
No matching quizzes found
Score Distribution
Percent of People with Each Score
Percentile by Number Answered
Your Score History
You have not taken this quiz since the last reset